000 08600nam a22006737a 4500
005 20101206113148.0
010 _aHIN-91396 B-437719-753
020 _c355.00
_a9788188032758
035 _aHN-63742 B-437719-753
037 _bDBAD/PUB
037 _bAllied Pub/Ven
082 _a480
100 _aद्विवेदी, दीक्षा
_928973
245 _aSuper Fast: English Teacher for Hindi speaking people:
_cदीक्षा द्विवेदी
_bतेज़ी से अंग्रेज़ी भाषा सिखाने वाली उपयोगी पुस्तक /
246 _aSuper Fast English Teacher
_bby Diksha Divedee
260 _aनई दिल्ली
_bमन्नत पब्लिकेशन
_c2010
270 _bनई दिल्ली
_a4735/22 प्रकाशदीप भवन, (G.F.-5R) अंसारी रोड, दरियागंज
_e110002
_mdpshindibooks @ yahoo.com
300 _a240पृ.
_c22सेमी (सजिल्द)
700 _924599
700 _924924
942 _2ddc
_cHN
_mद्विवेदी
_h480
999 _c49540
_d49540